Lai tạo và tuyển chọn dòng nếp than thơm, ngắn ngày ,có năng suất cao, phẩm chất tốt : Báo cáo tổng kết nghiên cứu khoa học
Đề tài trình bày kết quả nghiên cứu tuyển chọn dòng nếp than mới có mùi thơm, thuần theo hướng năng suất cao, ngắn ngày, chất lượng tốt.
Đã lưu trong:
| 主要作者: | |
|---|---|
| 格式: | 图书 |
| 语言: | Undetermined |
| 出版: |
Cần Thơ
Trường Đại học Cần Thơ
2010
|
| 主题: | |
| 标签: |
添加标签
没有标签, 成为第一个标记此记录!
|
| Thư viện lưu trữ: | Trung tâm Học liệu Trường Đại học Cần Thơ |
|---|
| LEADER | 01051nam a2200241Ia 4500 | ||
|---|---|---|---|
| 001 | CTU_164963 | ||
| 008 | 210402s9999 xx 000 0 und d | ||
| 082 | |a 633.18 | ||
| 082 | |b H108 | ||
| 088 | |a T2008-22 | ||
| 100 | |a Nguyễn, Phúc Hảo | ||
| 245 | 0 | |a Lai tạo và tuyển chọn dòng nếp than thơm, ngắn ngày ,có năng suất cao, phẩm chất tốt : | |
| 245 | 0 | |b Báo cáo tổng kết nghiên cứu khoa học | |
| 245 | 0 | |c Nguyễn Phúc Hảo (Chủ nhiệm đề tài) | |
| 260 | |a Cần Thơ | ||
| 260 | |b Trường Đại học Cần Thơ | ||
| 260 | |c 2010 | ||
| 520 | |a Đề tài trình bày kết quả nghiên cứu tuyển chọn dòng nếp than mới có mùi thơm, thuần theo hướng năng suất cao, ngắn ngày, chất lượng tốt. | ||
| 650 | |a Rice,Cây lúa | ||
| 650 | |x Breeding,Nhân giống | ||
| 904 | |i Thoa, Hải | ||
| 915 | |a NN | ||
| 980 | |a Trung tâm Học liệu Trường Đại học Cần Thơ | ||